000
00275nam a22001217a 4500
008
170630b xxu||||| |||| 00| 0 eng
041
_a
eng
080
_a
82
100
_a
82
101
_a
22
245
_a
KINGREAR FOLGER SHKESPEARE LIBRARY
_c
SCHUSTER.S
942
_2
udc
_c
BK
999
_c
19684
_d
19684